| 000 | 01955nam a2200337 a 4500 | ||
|---|---|---|---|
| 001 | 000033376 | ||
| 003 | OSt | ||
| 005 | 20240302073950.0 | ||
| 008 | 090819s2009 dr ac 000 0 spa dr | ||
| 020 | _a999347682X (v.1) | ||
| 040 |
_aDO-SdBNP _bspa _cBNPHU |
||
| 082 | 4 |
_a330.97293 _bC343h _222 |
|
| 100 | 1 |
_aCassá, Roberto, _d1948- _910888 |
|
| 245 | 1 | 0 |
_aHistoria social y económica de la República Dominicana / _cRoberto Cassá ; ilustraciones Ramiro Manzano ; fotografias Emilio Cordero Michael y Roberto Cassa. |
| 250 | _aed. aumentada y corregida | ||
| 260 |
_aSanto Domingo : _bAlfa & Omega, _c2009 |
||
| 300 |
_av. : _bil., retrs. ; _c27 cm. |
||
| 500 | _aLa biblioteca posee la reimpresión del 2013. | ||
| 500 | _a | ||
| 504 | _aBibliografía : p. 345-352 | ||
| 505 | 0 | _a El territorio dominicano y su poblamiento -- Antecedentes europeos -- España medieval -- África occidental en los albores de la época moderna -- Los pobladores aborígenes -- Colón y la conquista española -- La encomienda -- Decadencia de la encomienda y tránsito de la agropecuaria -- La industria azucarera -- Economía y sociedad en el siglo XVI -- La depresión prolongada del siglo XVII -- Recuperación del siglo XVIII -- El hato ganadero y los fundamentos del campesinado -- Cambios en las condiciones internacionales -- Crisis del orden colonial -- El precario retorno de la soberanía española -- La ocupación haitiana. | |
| 590 | _aInventariado 2020 /VM | ||
| 651 | 4 |
_aRepública Dominicana _xCondiciones Económicas _xHistoria _91210 |
|
| 651 | 4 |
_aRepública Dominicana _xCondiciones Sociales _xHistoria _91211 |
|
| 651 | 4 |
_aRepública Dominicana _xPoblación _xHistoria _91456 |
|
| 700 | 1 |
_aManzano, Ramiro, _eil. _9768 |
|
| 700 | 1 |
_aCordero Michael, Emilio, _efot. _981563 |
|
| 700 | 1 |
_aCassá, Roberto, _efot. _981564 |
|
| 910 | _aVMateo /Validado. Control de calidad MFF | ||
| 942 |
_2ddc _cLBS1 |
||
| 999 |
_c32867 _d32867 |
||